The Chinese groove / Kathryn Ma.
Available copies
- 3 of 3 copies available at LARL/NWRL Consortium. (Show)
- 1 of 1 copy available at Northwest Regional Library.
Current holds
0 current holds with 3 total copies.
Show Only Available Copies
| Location | Call Number / Copy Notes | Barcode | Shelving Location | Status | Due Date |
|---|---|---|---|---|---|
| Thief River Falls Public Library | MA (Text) | 35500006641664 | Main | Available | - |
Record details
- ISBN: 9781640095663
- ISBN: 1640095667
- Physical Description: 296 pages ; 24 cm
- Edition: First Counterpoint edition.
- Publisher: Berkeley California : Counterpoint, 2023.
Content descriptions
| Summary, etc.: | "Eighteen-year-old Shelley, born into a ... Read More |
Search for related items by subject
| Subject: | Immigrants > Fiction. Families > Fiction. Asian Americans > Fiction. American Dream > Fiction. San Francisco (Calif.) > Fiction. |
| Genre: | Novels. Historical fiction. |
| LDR | 02038cam a22004458i 4500 | ||
|---|---|---|---|
| 001 | 406451 | ||
| 003 | LARL_NWRL_CONSORTIUM | ||
| 005 | 20230124212106.0 | ||
| 008 | 220516s2023 cau 000 f eng | ||
| 010 | . | ‡a 2022023051 | |
| 040 | . | ‡aDLC ‡beng ‡erda ‡cDLC ‡dOCLCF ‡dBDX ‡dYDX ‡dTOH ‡dLNC ‡dJVK ‡dFM0 ‡dHRF | |
| 019 | . | ‡a1312803468 ‡a1313074439 ‡a1317800256 ‡a1352484499 ‡a1359918198 | |
| 020 | . | ‡a9781640095663 ‡q(hardcover) | |
| 020 | . | ‡a1640095667 | |
| 020 | . | ‡z9781640095670 ‡q(ebook) | |
| 035 | . | ‡a(OCoLC)1317751797 ‡z(OCoLC)1312803468 ‡z(OCoLC)1313074439 ‡z(OCoLC)1317800256 ‡z(OCoLC)1352484499 ‡z(OCoLC)1359918198 | |
| 042 | . | ‡apcc | |
| 082 | 0 | 0. | ‡a813/.6 ‡223/eng/20220516 |
| 100 | 1 | . | ‡aMa, Kathryn, ‡eauthor. |
| 245 | 1 | 4. | ‡aThe Chinese groove / ‡cKathryn Ma. |
| 250 | . | ‡aFirst Counterpoint edition. | |
| 264 | 1. | ‡aBerkeley California : ‡bCounterpoint, ‡c2023. | |
| 300 | . | ‡a296 pages ; ‡c24 cm | |
| 336 | . | ‡atext ‡btxt ‡2rdacontent | |
| 337 | . | ‡aunmediated ‡bn ‡2rdamedia | |
| 338 | . | ‡avolume ‡bnc ‡2rdacarrier | |
| 520 | . | ‡a"Eighteen-year-old Shelley, born into a much-despised branch of the Zheng family in Yunnan Province and living in the shadow of his widowed father's grief, dreams of bigger things. Buoyed by an exuberant heart and his cousin Deng's tall tales about the United States, Shelley heads to San Francisco to claim his destiny, confident that any hurdles will be easily overcome by the awesome powers of the "Chinese groove," a belief in the unspoken bonds between countrymen that transcend time and borders"-- ‡cProvided by publisher. | |
| 650 | 0. | ‡aImmigrants ‡vFiction. ‡0(LARL_NWRL_CONSORTIUM)165206 | |
| 650 | 0. | ‡aFamilies ‡vFiction. ‡0(LARL_NWRL_CONSORTIUM)164942 | |
| 650 | 0. | ‡aAsian Americans ‡vFiction. ‡0(LARL_NWRL_CONSORTIUM)170594 | |
| 650 | 0. | ‡aAmerican Dream ‡vFiction. | |
| 651 | 0. | ‡aSan Francisco (Calif.) ‡vFiction. ‡0(LARL_NWRL_CONSORTIUM)167303 | |
| 655 | 7. | ‡aNovels. ‡2lcgft | |
| 655 | 7. | ‡aHistorical fiction. ‡2lcgft | |
| 901 | . | ‡a406451 ‡bOCoLC ‡c406451 ‡tbiblio ‡soclc | |

Add to basket
Permalink
Disable Highlighting